Электрические отбойные молотки - конструкции, расчеты и испытания

Detalles Bibliográficos
Autor Principal: Шмаргунов К. Н. Константин Николаевич
Summary:Книга инж.-механика К. Н. Шмаргунова «Электрические отбойные молотки — конструкции, расчеты и испытания» предназначена для эксплоатационников-угольщиков, инженеров, конструкторов и для изобретателей, работающих в этой области. Общая тенденция широкой электрификации всех трудоемких процессов в шахте и нерентабельность пневматической энергии для отбойных молотков вызвали поиски конструкции электроотбойного молотка. После ряда неудач других изобретателей и первых своих попыток, инж. Шмаргунов нашел, наконец, нужную конструкцию электрического отбойного молотка, уже выдержавшую испытание и введенную на шахтах Кузбасса. Книга дает богатый материал по описанию его отбойного молотка и других конструкций электромолотков. Установка автора — помочь работникам эксплоатации быстрее освоить новый механизм по отбойке угля, а занимающихся изобретательством и конструированием электрических молотков — предупредить от повторения старых ошибок в этой области. В книге не только собран имеющийся в литературе разрозненный материал по этому вопросу, но и даны новые конструкции, расчеты и методика испытания их. Книга иллюстрирована большим количеством рисунков, схем и чертежей. С другой стороны, книга дает описание поисков конструкций электроотбойного молотка другими изобретателями и первых попыток самого автора (на протяжении 6 лет) и технический анализ этих конструкций, так как объясняет причины их несостоятельности; в том числе дается критика и заграничной конструкции электромолотка фирмы Сименс-Шуккерт. По конструкции КНШ-2 автором дана новая методика испытания (по методу выстрела) и описание прибора для испытания, с оригинальными расчетами автора.
Idioma:ruso
Publicado: Москва, Научтехиздат, 1937
Series:Новые механизмы Кузбасса
Subjects:
Formato: MixedMaterials Libro
KOHA link:https://koha.lib.tpu.ru/cgi-bin/koha/opac-detail.pl?biblionumber=152271

MARC

LEADER 00000nam0a2200000 4500
001 152271
005 20231101221618.0
035 |a (RuTPU)RU\TPU\book\165100 
090 |a 152271 
100 |a 20090129d1937 km y0rusy50 ca 
101 0 |a rus 
102 |a RU 
105 |a a z 001zy 
200 1 |a Электрические отбойные молотки - конструкции, расчеты и испытания  |f К. Н. Шмаргунов 
210 |a Москва  |a Свердловск  |c Научтехиздат  |d 1937 
215 |a 116 с.  |c ил. 
225 1 |a Новые механизмы Кузбасса 
318 |5 63413507  |a Томский Политехнический: События и люди. Юбилейные даты 2009 года  |b выставка 
320 |a Библиогр.: с. 115. 
330 |a Книга инж.-механика К. Н. Шмаргунова «Электрические отбойные молотки — конструкции, расчеты и испытания» предназначена для эксплоатационников-угольщиков, инженеров, конструкторов и для изобретателей, работающих в этой области. Общая тенденция широкой электрификации всех трудоемких процессов в шахте и нерентабельность пневматической энергии для отбойных молотков вызвали поиски конструкции электроотбойного молотка. После ряда неудач других изобретателей и первых своих попыток, инж. Шмаргунов нашел, наконец, нужную конструкцию электрического отбойного молотка, уже выдержавшую испытание и введенную на шахтах Кузбасса. Книга дает богатый материал по описанию его отбойного молотка и других конструкций электромолотков. Установка автора — помочь работникам эксплоатации быстрее освоить новый механизм по отбойке угля, а занимающихся изобретательством и конструированием электрических молотков — предупредить от повторения старых ошибок в этой области. В книге не только собран имеющийся в литературе разрозненный материал по этому вопросу, но и даны новые конструкции, расчеты и методика испытания их. Книга иллюстрирована большим количеством рисунков, схем и чертежей. С другой стороны, книга дает описание поисков конструкций электроотбойного молотка другими изобретателями и первых попыток самого автора (на протяжении 6 лет) и технический анализ этих конструкций, так как объясняет причины их несостоятельности; в том числе дается критика и заграничной конструкции электромолотка фирмы Сименс-Шуккерт. По конструкции КНШ-2 автором дана новая методика испытания (по методу выстрела) и описание прибора для испытания, с оригинальными расчетами автора. 
606 1 |a Отбойные молотки  |2 stltpush  |3 (RuTPU)RU\TPU\subj\47624  |9 66546 
610 1 |a конструкции 
610 1 |a расчеты 
610 1 |a испытания 
610 1 |a коллекция ТПУ 
610 1 |a труды учёных ТПУ 
675 |a 622.233.4  |v 3 
700 1 |a Шмаргунов  |b К. Н.  |c российский геолог  |c двенадцатый директор Томского индустриального института, профессор  |f 1902-1953  |g Константин Николаевич  |2 stltpush  |3 (RuTPU)RU\TPU\pers\13897 
801 1 |a RU  |b 63413507  |c 20090129  |g PSBO 
801 2 |a RU  |b 63413507  |c 20221124  |g PSBO 
942 |c BK